000 00612nam a2200241Ia 4500
003 OSt
005 20221005133457.0
006 a|||||r|||| 00| 0
007 ta
008 221004b |||||||| |||| 00| 0 fre d
024 _a46808
037 _cTextual
040 _aCRL
_cCRL
_bfre
041 _2fre
_afre
082 _aO122,3L99,16, 32K1
100 _aBalzac Au.
_9634338
245 0 _aYakshi
260 _c1961
650 _a FRENCH LITERATURE
_913614
650 _aFRENCH FICTION
_9155413
942 _hO122,3L99,16, 32K1
_cTEXL
_2cc
999 _c1066938
_d1066938